000 01244nam a2200301 i 4500
003 EG-GICUC
005 20260202081611.0
008 260202s1974 ua ||||fr|||| 00| 0 ara d
040 _a EG-GICUC
_bara
_c EG-GICUC
_d EG-GICUC
_erda
041 0 _aara
082 0 4 _221
_a345
_bع ث . د
092 0 4 _221
099 _aLaw1 07 345 ع ث . د 1974
100 0 _aعثمان المنتصر عبد الرحمن
_eمؤلف.
245 1 0 _aدليل المصطلحات العربية الموحدة في العلوم الإدارية ( عربي - انجليزي ) /
_cدكتور عثمان المنتصر عبد الرحمن
264 1 _aالقاهرة:
_bالمنظمة العربية للعلوم الإدارية ،
_c1974.
300 _a157 صفحة ؛
_c24 سم
336 _2rda content
_atext
337 _2rda media
_aComputer
338 _2rda carrier
_aOnline Resource
504 _aيشتمل علي ارجاعات ببليوجرافية
546 _aالنص أغلبه باللغة العربية مع بعض النصوص الإنجليزية
650 1 4 _aالقانون الإداري
_2qrmak
651 1 _2qrmak
856 4 0 _uhttps://fll.law.cu.edu.eg/fulltext/bks/B07-03279.pdf
905 _a74
942 _2ddc
_n0
_cBK
_e21
999 _c60200
_d60200